| 000 | 00701cam a22002412 4500 | ||
|---|---|---|---|
| 001 | 0000019161 | ||
| 005 | 20151021151131.0 | ||
| 008 | 101018s xx 000 0 eng d | ||
| 020 | _a0321469542 : | ||
| 040 |
_aKABU _cKABU |
||
| 050 | 0 |
_aHG173 _b.H83 2008 |
|
| 100 | 1 |
_aHubbard, R Glenn. _@0000152426 |
|
| 245 | 1 | 0 | _aMoney, the financial system, and the economy. |
| 250 | _a6th ed. | ||
| 260 |
_aBoston : _bPearson Education, _c2008. |
||
| 300 | _axxx, 686 p. | ||
| 650 | 0 |
_aFinance. _@0000148330 |
|
| 650 | 0 |
_aMoney. _@0000152427 |
|
| 650 | 0 |
_aBanks and Banking. _@0000152428 |
|
| 852 | 1 | _9p6500 KES | |
| 908 | _a101018 | ||
| 950 | _@1 | ||
| 999 |
_c1024 _d1024 |
||